000 01090nam a2200241 a 4500
001 BRCA_931
005 20190320203218.0
008 270508s1988----mx-a---###---#000-0#spa-#
020 _a9683901417
050 4 _aNK7114
_b.V35 1988
100 1 _aValle-Arizpe, Artemio de
_d1888-1961
_92476
245 1 0 _aNotas de platería
_cArtemio de Valle-Arizpe ; prólogo, glosario y selección de piezas Virginia Armella de Aspe ; fotografías Sebastián Saldívar.
260 _aMéxico
_bCorporación Industrial Sanluis
_c1988
300 _a243 p.
_bil. a color
_c28 cm.
500 _aIncluye descripción de las ilustraciones y glosario de términos y estilos artísticos
500 _aIncluye piezas de la colección Franz Mayer: p. 58, 60, 79, 81 y 82, 101, 104 y 105, 128, 130-132, 142 y 143, 148, 164, 166 y 167, 172, 181 y 182, 184, 201, 204, 207 y 208, 210 y 211
504 _aBibliografía: p. 215-222
650 1 4 _aPlatería
_zMéxico
_93073
650 1 4 _aOrfebrería
_zMéxico
_93074
700 1 _aArmella de Aspe, Virginia
_92324
700 1 _aSaldívar, Sebastián
_93075
942 _2lcc
_cB
999 _c820
_d820